Menilai Kinerja Pemerintahan Daerah (Record no. 18748)
[ view plain ]
| 000 -LEADER | |
|---|---|
| fixed length control field | 00439nam a2200145Ia 4500 |
| 020 ## - INTERNATIONAL STANDARD BOOK NUMBER | |
| ISBN | 978-602-8733-77-9 |
| 084 ## - OTHER CLASSIFICATION OF CALL NUMBER | |
| Call Number (Nomor Katalog) | 1132-0022 SOL Plc Bo |
| 100 ## - MAIN ENTRY--AUTHOR NAME | |
| Personal name (Pengarang) | Chabib Soleh |
| 245 #0 - TITLE STATEMENT | |
| Sub Title (Anak Judul) | Menilai Kinerja Pemerintahan Daerah |
| 260 ## - PUBLICATION, DISTRIBUTION, ETC. (IMPRINT) | |
| Place of publication (Tempat Terbit/Kota) | Bandung |
| Name of publisher (Nama Penerbit) | Fokusmedia |
| Year of publication (Tahun Terbit) | 2011 |
| 300 ## - PHYSICAL DESCRIPTION | |
| Number of Pages (Jumlah Halaman) | i-ix + 294 hlm |
| 650 ## - SUBJECT ADDED ENTRY--TOPICAL TERM | |
| Topical Term (Topik 1) | Policy (Kebijakan, Kebijakan Publik) |
| Relator term (Topik 2) | P-L-C |
| Chronological subdivision (Topik 5) | Kinerja Pemerintah Daerah |
| 942 ## - ADDED ENTRY ELEMENTS (KOHA) | |
| Koha item type | Books (Buku) |
| Withdrawn status | Lost status | Damaged status | Not for loan | Permanent Location (Lokasi Permanen) | Current Location (Lokasi Sekarang) | Shelving location (Lokasi Rak) | Date acquired | Cost, normal purchase price (Harga Buku) | Full call number (Nomor Katalog) | Barcode | Price effective from | Koha item type (Jenis Koleksi) |
|---|---|---|---|---|---|---|---|---|---|---|---|---|
| MAP Library | MAP Library | Bookshelf | 03/26/2022 | 8.00 | 1132-0022 SOL Plc Bo | 11320022 | 03/26/2022 | Books (Buku) |